000
00218 a2200097 4500
001
52698
100
_a
Ata Mohyuddin Dr
245
_a
Arabian Prophet
260
_a
Lahore
_b
Islamic Book Found
_c
090
_c
33142
_d
33142
942
_a
NUST-CAE
_c
M
_c
25717
999
_c
287771
_d
287771